5HLuxD.jpg

KING HENRY VIII SENIOR AND PRIMARY SCHOOL LIBRARY OPAC

Mind the gap / (Record no. 874)

000 -LEADER
fixed length control field 00894pam a2200325 i 4500
001 - CONTROL NUMBER
control field 018094190
003 - CONTROL NUMBER IDENTIFIER
control field Uk
005 - DATE AND TIME OF LATEST TRANSACTION
control field 20191224134210.0
008 - FIXED-LENGTH DATA ELEMENTS--GENERAL INFORMATION
fixed length control field 170130s2017 stk j 000 f eng c
015 ## - NATIONAL BIBLIOGRAPHY NUMBER
National bibliography number GBB6F2096
Source bnb
016 7# - NATIONAL BIBLIOGRAPHIC AGENCY CONTROL NUMBER
Record control number 018094190
Source Uk
020 ## - INTERNATIONAL STANDARD BOOK NUMBER
International Standard Book Number 9781781125892 (pbk.) :
035 ## - SYSTEM CONTROL NUMBER
System control number (StEdNL)8708774
040 ## - CATALOGING SOURCE
Original cataloging agency StDuBDS
Language of cataloging eng
Transcribing agency StDuBDS
Modifying agency StEdNL
-- Uk
Description conventions rda
042 ## - AUTHENTICATION CODE
Authentication code ukscp
082 ## - DEWEY DECIMAL CLASSIFICATION NUMBER
Classification number FIC EAR
100 1# - MAIN ENTRY--PERSONAL NAME
Personal name Earle, Phil,
Relator term author.
245 10 - TITLE STATEMENT
Title Mind the gap /
Statement of responsibility, etc. Phil Earle.
264 #1 - PRODUCTION, PUBLICATION, DISTRIBUTION, MANUFACTURE, AND COPYRIGHT NOTICE
Place of production, publication, distribution, manufacture Edinburgh :
Name of producer, publisher, distributor, manufacturer Barrington Stoke,
Date of production, publication, distribution, manufacture, or copyright notice 2017.
300 ## - PHYSICAL DESCRIPTION
Extent 99 pages ;
Dimensions 20 cm
336 ## - CONTENT TYPE
Content type term text
Source rdacontent
337 ## - MEDIA TYPE
Media type term unmediated
Source rdamedia
338 ## - CARRIER TYPE
Carrier type term volume
Source rdacarrier
440 ## - SERIES STATEMENT/ADDED ENTRY--TITLE
Title Super readable YA
500 ## - GENERAL NOTE
General note Formerly CIP.
Institution to which field applies Uk
500 ## - GENERAL NOTE
General note Super readable YA
655 #0 - INDEX TERM--GENRE/FORM
Genre/form data or focus term High interest-low vocabulary books.
655 #0 - INDEX TERM--GENRE/FORM
Genre/form data or focus term Young adult fiction.
942 ## - ADDED ENTRY ELEMENTS (KOHA)
Source of classification or shelving scheme
Koha item type Books - Fiction
Holdings
Withdrawn status Lost status Source of classification or shelving scheme Damaged status Not for loan Collection code Permanent Location Current Location Shelving location Date acquired Total Checkouts Full call number Barcode Date last seen Date last checked out Price effective from Koha item type
          Fiction KH8 Senior School Library KH8 Senior School Library Fiction 2019-12-24 2 FIC EAR 3KHSL000101628 2025-12-05 2025-11-25 2019-12-24 Books - Fiction

Powered By KH8 IT Dept